banner-ar

وداعا لمسافة ما : شعر / (Record no. 47444)

MARC details
000 -الفاتح
حقل البيانات ثابتة الطول 00544nam a2200181Ia 4500
008 - عناصر البيانات ثابتة الطول - معلومات عامة
حقل البيانات ثابتة الطول 140319s9999 xx 000 0 ara d
040 ## - مصدر الفهرسة
وكالة الفهرسة الأصلية GCL /
وكالة النسخ GCL
082 04 - رقم تصنيف ديوى العشرى
رقم التصنيف 811.094
رقم المادة ح و
100 1# - المدخل الرئيسى - إسم شخصى
الإسم الشخصى حميده عبدالله حميده
245 10 - بيان العنوان
العنوان وداعا لمسافة ما : شعر /
بيان المسئوليه,etc حميده عبدالله حميده
300 ## - الوصف المادى
التعداد 88 ص
490 ## - بيان السلسلة
عنوان السلسلة كتاب الاربعائيون
رقم المجلد/ التعيين التسلسلي 0
650 04 - المدخل الاضافى بالموضوع-مصطلح موضوعى
مصطلح موضوعي الشعر العربى
650 04 - المدخل الاضافى بالموضوع-مصطلح موضوعى
مصطلح موضوعي الادب العربى
650 04 - المدخل الاضافى بالموضوع-مصطلح موضوعى
مصطلح موضوعي الشعر الحر
942 ## - عناصر المدخل الإضافي( كوها)
مصدر التصنيف او مخطط الترفيف Dewey Decimal Classification
Koha [default] item type كتاب
Holdings
حالة التراجع حالة الفقد حالة تلف ليس للاعارة المكان المؤقت الموقع الحالى تاريخ الاكتساب اجمالي اﻻعارات رقم الطلب الباركود تاريخ اخر مشاهدة تاريخ تفعيل السعر نوع وعاء كوها مصدر التصنيف او خطة الترفيف موقع الترفيف
        مكتبة القاهرة الكبرى مكتبة القاهرة الكبرى 03/26/2014   811.094\ح و 114634 03/26/2014 03/26/2014 كتاب    
        مكتبة القاهرة الكبرى مكتبة القاهرة الكبرى 03/26/2014   811.094\ح و 114635 03/26/2014 03/26/2014 كتاب    
        مكتبة القاهرة الكبرى مكتبة القاهرة الكبرى 08/13/2022   811.094\ح و 168218 08/13/2022 08/13/2022 كتاب ddc ق الرئيسية_الأداب_ك عربى

Powered By

EGPV